LEADER 00822nam0 2200253 450 001 000005802 005 20090115155616.0 010 $a1-84277-099-3 100 $a20050718d2002----km-y0itay50------ba 101 0 $aeng 102 $aGB$aUS 105 $aa-------001zy 200 1 $aTrade and environment$edifficult policy choices at the interface$fedited by Shahrukh Rafi Khan 210 $aLondon$aNew York$cZed Books$dc2002 215 $a253 p.$ctab.$d24 cm 300 $aScritti di autori vari. 500 10$aTrade and environment$959746 610 1 $aCrescita economica; sviluppo; teoria della pianificazione 702 1$aKhan,$bShahrukh Rafi$4070 801 0$aIT$bUNIPARTHENOPE$gRICA$2UNIMARC 912 $a000005802 951 $a110/22$b12$cNAVA2$d2005 996 $aTrade and environment$959746 997 $aUNIPARTHENOPE